000 00304nam a22001337a 4500
020 _a978-81-286-2962-4
082 _a823
_bBLY/N
100 _aENID BLYTON
245 _aNODDY AT THE SEASIDE
260 _aMUMBAI
_bEURO BOOKS
300 _a60
650 _aCHILDRENS STORY BOOK
_vORIGINAL CLASSICS
942 _cBK
999 _c81
_d81